00635nam a22002057a 450000500170000001000150001702000260003203500130005803500170007103700130008803700170010108200110011824501000012926000420022927000400027130000260031150000510033770000240038870000170041220140501115109.0 aENG-106430 a9788183244411c995.00 aEN-89963 aB-528576-580 bDBAD/PUB bKKP/Venadpl a791.43 aRajesh Khanna :cedited by Iqtedar-Ullah Khan [and] B.D. Usmanibfirst superstar of bollywood / aNew Delhi bMittal Publicationsc2013 a4594/9 DaryaganjbNew Delhie110002 axiii,322p. c23cm(Hb) aIncludes bibliographical references and index aKhan, Iqtedar-Ullah aUsmani, B.D.